logo

Bir Sreshtho Munshi Abdur Rouf Library
Jhenaidah Cadet College

Labor in America : (Record no. 8563)

MARC details
000 -LEADER
fixed length control field 01098pam a2200349 4500
001 - CONTROL NUMBER
JCCL Control Number 8563
003 - CONTROL NUMBER IDENTIFIER
JCCL marc code BD - JhCC
005 - DATE AND TIME OF LATEST TRANSACTION
control field 20180925174936.0
008 - FIXED-LENGTH DATA ELEMENTS--GENERAL INFORMATION
fixed length control field 831118s1984 iluacf b 001 0 eng
020 ## - INTERNATIONAL STANDARD BOOK NUMBER
International Standard Book Number 0882958259 (pbk.)
020 ## - INTERNATIONAL STANDARD BOOK NUMBER
International Standard Book Number 0882958240 (hard)
035 ## - SYSTEM CONTROL NUMBER
system control number (BD - JhCC)8563
035 ## - SYSTEM CONTROL NUMBER
system control number (OCoLC)10207853
035 ## - SYSTEM CONTROL NUMBER
system control number GLIS00187052
040 ## - CATALOGING SOURCE
Original cataloging agency DLC
Transcribing agency DLC
Modifying agency MYG
-- BD - JhCC
041 ## - LANGUAGE CODE
Language code of Book eng
082 ## - DEWEY DECIMAL CLASSIFICATION NUMBER
Author mark and Year DUL 1984
Classification number 331.880973
090 ## - LOCALLY ASSIGNED LC-TYPE CALL NUMBER (OCLC); LOCAL CALL NUMBER (OCLC)
Classification number (OCLC) (R) ; Classification number, CALL (RLIN) (NR) HD8066
Local cutter number (OCLC) ; Book number/undivided call number, CALL (RLIN) .D883 1984
099 ## - LOCAL FREE-TEXT CALL NUMBER
Classification number HD8066.D883 1984
100 1# - MAIN ENTRY--PERSONAL NAME
Personal name Dulles, Foster Rhea,
Dates associated with a name 1900-1970.
245 10 - TITLE STATEMENT
Title Labor in America :
Remainder of title a history /
Statement of responsibility, etc Foster Rhea Dulles & Melvyn Dubofsky.
250 ## - EDITION STATEMENT
Edition statement 4th ed.
260 ## - PUBLICATION, DISTRIBUTION, ETC. (IMPRINT)
Place of publication, distribution, etc Arlington Heights, Ill. :
Name of publisher, distributor, etc Harlan Davidson,
Date of publication, distribution, etc c1984.
300 ## - PHYSICAL DESCRIPTION
Pagination ix, 425 p., [25] p. of plates :
Other physical details ill., ports. ;
Dimensions 23 cm.
500 ## - GENERAL NOTE
General note Includes index.
504 ## - BIBLIOGRAPHY, ETC. NOTE
Bibliography, etc Bibliography: p. 401-412.
650 #0 - SUBJECT ADDED ENTRY--TOPICAL TERM
Topical term or geographic name as entry element Labor
Geographic subdivision United States
General subdivision History.
650 #0 - SUBJECT ADDED ENTRY--TOPICAL TERM
Topical term or geographic name as entry element Labor unions
Geographic subdivision United States
General subdivision History.
700 1# - ADDED ENTRY--PERSONAL NAME
Personal name Dubofsky, Melvyn,
Dates associated with a name 1934-
942 ## - ADDED ENTRY ELEMENTS (KOHA)
Source of classification or shelving scheme Dewey Decimal Classification
Koha item type Books
Holdings
Source of classification or shelving scheme Damaged status Not for loan Home library Current library Shelving location Total Checkouts Full call number Barcode Date last seen Copy number Koha item type
Dewey Decimal Classification     JCC Rouf Library JCC Rouf Library General Stacks   331.880973 DUL 1984 11321 02/27/2018 C - 1 Books

JCC Library | Contacts | JCC Home

Last Update on 23 September 2017
Copyright @ 2017-2020 JCC Rouf Library
Rouf Library, Jhenidah Cadet College (JCC), Bangladesh